| 000 | 00497nam a2200169Ia 4500 | ||
|---|---|---|---|
| 999 |
_c10497 _d10497 |
||
| 003 | OSt | ||
| 005 | 20191227102246.0 | ||
| 008 | 190216s9999||||xx |||||||||||||| ||und|| | ||
| 040 | _coclc | ||
| 082 |
_a337 _bCHE/B |
||
| 100 |
_aCherunilam, Francis _9546 |
||
| 245 | 0 |
_aBusiness Environment And Policy / _cFrancis Cherunilam |
|
| 260 |
_bHimalaya Publishing House, _c1992. _aNew Delhi: |
||
| 300 | _a638p | ||
| 650 | _aEconomics | ||
| 942 |
_cBK _2ddc _h337 _iCHE/B _k337 _mCHE/B |
||